[Event "Uljanovsk Volga op"]
[Site "Uljanovsk"]
[Date "2011.01.03"]
[Round "2"]
[White "Nikonova, Irina"]
[Black "Pirogov, Vyatchslav"]
[Result "0-1"]
[WhiteElo "1986"]
[BlackElo "2385"]
[PlyCount "74"]
[EventDate "2011.01.03"]
[EventType "swiss"]
[EventRounds "9"]
[EventCountry "RUS"]
[SourceTitle "CBM 140 Extra"]
[Source "ChessBase"]
[SourceDate "2011.03.01"]
[SourceVersion "1"]
[SourceVersionDate "2011.03.01"]
[SourceQuality "1"]

1. d4 c5 2. d5 Nf6 3. c4 b5 4. e3 g6 5. b3 Bg7 6. Bb2 bxc4 7. Bxc4 0-0 8. Ne2 d6 9. 0-0 Nbd7 10. Nd2 Nb6 11. Nf4 a5 12. e4 a4 13. Qc2 Ba6 14. g3 Qd7 15. Ng2 a3 16. Bc3 Bxc4 17. Nxc4 Nxc4 18. bxc4 e6 19. Ne3 exd5 20. Bxf6 Bxf6 21. Nxd5 Bxa1 22. Rxa1 Qe6 23. Rb1 Rab8 24. Rb3 Rxb3 25. Qxb3 Kg7 26. Qxa3 Qxe4 27. Qb2+ Qe5 28. Qb3 Ra8 29. Nc3 h5 30. h4 Re8 31. Kg2 Qd4 32. a4 Re1 33. Qb2 Kh7 34. Qb3 Qd3 35. Qb2 Qxc4 36. Qd2 Qf1+ 37. Kf3 Re6 0-1

[Event "Uljanovsk Smyslov Memorial"]
[Site "Uljanovsk"]
[Date "2010.04.26"]
[Round "8"]
[White "Denisov, Anatoly"]
[Black "Nikonova, Irina"]
[Result "1/2-1/2"]
[WhiteElo "1792"]
[BlackElo "2005"]
[PlyCount "87"]
[EventDate "2010.04.03"]
[EventType "swiss"]
[EventRounds "9"]
[EventCountry "RUS"]
[SourceTitle "CBM 136 Extra"]
[Source "ChessBase"]
[SourceDate "2010.07.02"]
[SourceVersion "2"]
[SourceVersionDate "2010.07.15"]
[SourceQuality "1"]

1. b4 d5 2. Bb2 Qd6 3. e3 Qxb4 4. Ba3 Qa5 5. Qc1 Nf6 6. f3 g6 7. Bb2 Bg7 8. c4 0-0 9. Na3 c6 10. Bc3 Qd8 11. Qb2 Nbd7 12. h4 e5 13. g4 Re8 14. 0-0-0 Qb6 15. h5 Qxb2+ 16. Bxb2 e4 17. h6 Bf8 18. g5 Nh5 19. f4 Ng3 20. Rh2 Nxf1 21. Rxf1 Nc5 22. cxd5 Nd3+ 23. Kb1 Nxb2 24. Kxb2 cxd5 25. Nb5 Rd8 26. Ne2 a6 27. Nbc3 Bf5 28. Rc1 Rac8 29. Nd4 Bg4 30. Rg2 Bf3 31. Rgg1 Rc5 32. Nb3 Rc6 33. Nd4 Rb6+ 34. Kc2 Bc5 35. Rb1 Rxb1 36. Kxb1 Bh5 37. Kc2 b5 38. Kb3 Rd6 39. a3 Kf8 40. Rc1 Bxd4 41. exd4 Ke7 42. a4 bxa4+ 43. Kxa4 Ke6 44. Rb1 1/2-1/2